|
|
|
|
| LEADER |
00000nab a2200000 a 4500 |
| 001 |
vtls000337241 |
| 003 |
SK-MaSNL |
| 005 |
20260303205826.0 |
| 008 |
111201c1988 xo 0 slo |
| 015 |
|
|
|a SNBRB19rr/mm-uuuuu
|
| 035 |
|
|
|a CL0337363
|
| 040 |
|
|
|a SNKBUCL
|b slo
|c SNKBUCL
|e AACR2
|
| 041 |
0 |
|
|a slo
|
| 044 |
|
|
|a xo
|c SK
|
| 080 |
|
|
|a 82:7.097
|2 1981
|
| 080 |
|
|
|a 7.097
|2 1981
|
| 080 |
|
|
|a 885.4
|2 1981
|
| 100 |
1 |
|
|a -vík-
|4 aut
|9 1010305
|
| 245 |
1 |
0 |
|a Okná dokorán
|b Skrat
|c -vík- ; Eduard Hollý, Dušan Široký
|
| 300 |
|
|
|b Obr. 3.
|
| 610 |
2 |
7 |
|a Československá televízia
|2 snkbucl
|9 215938
|
| 650 |
0 |
7 |
|a Široký, Dušan
|2 snkbucl
|9 925474
|
| 650 |
0 |
7 |
|a televízne cykly
|2 snkbucl
|9 87461
|
| 655 |
|
7 |
|a články z novín a časopisov
|2 snkbucl
|9 267496
|
| 655 |
|
7 |
|a články z odboru literárna veda a krásna literatúra
|2 snkbucl
|9 770045
|
| 700 |
1 |
|
|a Hollý, Eduard
|4 gup
|9 725951
|
| 773 |
0 |
|
|t Televízia
|g Roč. 23, č. 48 (1988), s. /9/, 20
|
| 850 |
|
|
|a Slovenská národná knižnica v Martine
|a MTA001
|
| 852 |
|
|
|a SNK
|b KIS3GCP
|
| 958 |
|
|
|a RK
|
| 958 |
|
|
|a LX
|
| 992 |
|
|
|a RBX
|
| 999 |
|
|
|c 2197321
|d 2199251
|